00327nam a2200121Ia 4500008004100000041000800041082001400049100001900063245004500082260004100127300003000168365000700198240624s9999 xx 000 0 und d aeng a658.4 GRA aGRAHAM RICHARD aTOP CLASS MANAGEMENT LESSONS FOR EFFECTI c1998aMumbaibJaico Publishing House aix, : 283 : p. : cm. ; 22 cRS